000 00593nam a2200193 i 4500
001 86542
003 ES-MaACL
005 20230906175454.0
007 t|
008 041213s1920 xxk ||||1| eng d
100 1 _aKeynes, John Maynard (
_d1883-1946)
_967979
245 1 4 _aThe economic consequences of the peace /
_cJohn Maynard Keynes.
260 _aLondon :
_bMacmillan and Cº,
_c1920.
300 _a279 p. ;
_c22 cm.
630 0 4 _aTratado de Versalles (
_d1919)
_9155228
650 0 4 _aHistoria económica-
_y1918-1945.
_913404
852 _aES-MaACL
_jF-2137
852 _aES-MaACL
_jF-4663
999 _c86542
_d86542